Textbook of Anatomy (Record no. 1707)

MARC details
000 -LEADER
Fixed length control field 00516nam a2200193 a 4500
003 - CONTROL NUMBER IDENTIFIER
Control field IIN
005 - DATE AND TIME OF LATEST TRANSACTION
Control field 20250326132252.0
008 - FIXED-LENGTH DATA ELEMENTS--GENERAL INFORMATION
Fixed length control field 250326s9999 xx ad 001 0 eng d
020 ## - INTERNATIONAL STANDARD BOOK NUMBER / ISBN
Price Rs.985.00
International Standard Book Number 9788131264812
040 ## - CATALOGING SOURCE
Original cataloging agency IIN
Language of cataloging English
082 ## - DEWEY DECIMAL CLASSIFICATION NUMBER
Classification number 611
Book Number SIN
100 1# - MAIN ENTRY--PERSONAL NAME
Personal name Singh, Vishram
245 1# - TITLE STATEMENT
Title Textbook of Anatomy
Sub title Upper Limb and Thorax
Statement of responsibility Vishram Singh
250 ## - EDITION STATEMENT
Edition statement 4th ed
260 ## - IMPRINT
Name of publisher Elsevier
Place of publication New Delhi
Date of publication 2023
300 ## - PHYSICAL DESCRIPTION
Page / Vol. No xx, 331 p./ V.1
Other physical details col. ill.
650 1# - SUBJECT ADDED ENTRY--TOPICAL TERM
Topical term Anatomy
942 ## - ADDED ENTRY ELEMENTS (KOHA)
Koha item type Books
Holdings
Withdrawn status Lost status Source of classification Damaged status Not for loan Collection code Home library Current library Shelving location Date acquired Price Total Checkouts Call number Accession number Date last seen Price effective from Koha item type
    Dewey Decimal Classification     Purches Book IDEAL INSTITUTE OF NURSING IDEAL INSTITUTE OF NURSING General Stacks 11/03/2025 985.00   611 SIN 1819 26/03/2025 26/03/2025 Books
© Ideal Institute Of Nursing, All rights reserved.         Powered by Koha